Shopping for FM (Record no. 73524)
[ view plain ]
| 000 -LEADER | |
|---|---|
| fixed length control field | 01112cam a2200217 4500 |
| 001 - CONTROL NUMBER | |
| control field | ABS67067 |
| 008 - FIXED-LENGTH DATA ELEMENTS--GENERAL INFORMATION | |
| fixed length control field | 031001n2003 000 0 eng u |
| 035 ## - SYSTEM CONTROL NUMBER | |
| System control number | (Sirsi) u123805 |
| 100 ## - MAIN ENTRY--PERSONAL NAME | |
| Personal name | Willis, S. |
| 245 ## - TITLE STATEMENT | |
| Title | Shopping for FM |
| 260 ## - PUBLICATION, DISTRIBUTION, ETC. | |
| Date of publication, distribution, etc. | 2003 |
| 490 ## - SERIES STATEMENT | |
| Series statement | Premises and Facilities Management |
| Volume/sequential designation | September 2003, 15-17(3) |
| 520 ## - SUMMARY, ETC. | |
| Summary, etc. | Examines the provision of facilities management to the retail sector. Argues that this sector has received little attention but is now a fast-growing opportunity which could generate a considerable amount of revenue over the coming years. It is a very varied sector and analysts need to recognise there are major differences between providing certain services to just one retailer or to a whole range of support services in a large retail centre. Discusses the customers who may use the shopping centres and the key to successful project agreements. |
| 590 ## - LOCAL NOTE (RLIN) | |
| Local note | ABS |
| 650 ## - SUBJECT ADDED ENTRY--TOPICAL TERM | |
| Topical term or geographic name entry element | RETAIL SECTOR |
| 650 ## - SUBJECT ADDED ENTRY--TOPICAL TERM | |
| Topical term or geographic name entry element | FACILITIES MANAGEMENT |
| 9 (RLIN) | 6240 |
| 650 ## - SUBJECT ADDED ENTRY--TOPICAL TERM | |
| Topical term or geographic name entry element | SERVICE AGREEMENTS |
| 650 ## - SUBJECT ADDED ENTRY--TOPICAL TERM | |
| Topical term or geographic name entry element | SHOPPING CENTRE |
| 690 ## - LOCAL SUBJECT ADDED ENTRY--TOPICAL TERM (OCLC, RLIN) | |
| Topical term or geographic name as entry element | MANAGEMENT-FACILITIES MANAGEMENT |
| 942 ## - ADDED ENTRY ELEMENTS (KOHA) | |
| Suppress in OPAC | 0 |
| Withdrawn status | Lost status | Source of classification or shelving scheme | Damaged status | Not for loan | Home library | Current library | Shelving location | Date acquired | Total Checkouts | Full call number | Barcode | Date last seen | Copy number | Price effective from | Koha item type |
|---|---|---|---|---|---|---|---|---|---|---|---|---|---|---|---|
| Dewey Decimal Classification | London | London | Journal article | 01/10/2003 | ABS67067 | 123805-1001 | 06/08/2019 | 1 | 06/08/2019 | Journal article |